000 00583nam a22002177a 4500
003 UA-OsUOA
001 61559
007 ta
008 20090706b un ||||| |||| 00| 0 ukr d
100 _aБузгалин А.В.
090 _a101
_bБ90
942 _cSA
040 _aUA-OsUOA
_bukr
_cUA-OsUOA
_dUA-OsUOA
245 _aДиалектика: реактеализация в мире глобальных трансфораций
300 _aС.20-36
955 _a0
041 _aukr
080 _a101
773 0 _w61558
650 7 _a1 Філософські науки
_2UDC
999 _c348307
_d348307